000
00313nam a2200133Ia 4500
008
191201s1953 xx 000 0 und d
082
_a
530
100
_a
MORSE, Philip M
245
0
_a
Methods of Theoretical Physics II
260
_a
Londan
_b
TMH
_c
1953
300
_a
999+1978
650
_a
Applied
942
_2
ddc
_c
BK
999
_c
592
_d
592